|
|
|
|
| LEADER |
00000cam a2200000 7i4500 |
| 001 |
0000089971 |
| 005 |
20230125142950.0 |
| 008 |
220907 |
| 020 |
|
|
|a 9789672588917
|
| 041 |
|
|
|a Malay
|
| 090 |
0 |
0 |
|a 808.882
|b KAM
|
| 100 |
0 |
|
|a Kamalshukri Abdullahsani ,
|d 1957
|
| 245 |
1 |
0 |
|a Sebuah himpunan pengalaman :
|b Wilayah matrikulasi
|c Kamalshukri Abdullahsani
|
| 260 |
|
|
|a Selangor :
|b Metromedia Solutions ,
|c 2022
|
| 300 |
|
|
|a 287 p. ;
|c 19 cm.
|
| 541 |
|
|
|c Purchase on 2022
|f 2022/08-10 SPI
|h RM39.00
|
| 650 |
|
0 |
|a Civil
|z Malaysia
|x anecdotes
|
| 650 |
|
0 |
|a Kamalshukri Abdullahsani, 1957
|x Anecdotes
|
| 650 |
|
0 |
|a Public officers
|x Anecdotes
|
| 730 |
0 |
|
|a Judul
|
| 999 |
|
|
|a 0001691457
|b Book
|c Adult Collection
|e Perbadanan Perpustakaan Awam Johor
|
| 999 |
|
|
|a 0001691458
|b Book
|c Adult Collection
|e Perbadanan Perpustakaan Awam Johor
|
| 999 |
|
|
|a 0001691459
|b Book
|c Adult Collection
|e Cawangan Urban Transformation Centre
|
| 999 |
|
|
|a 0001691460
|b Book
|c Adult Collection
|e Cawangan AEON Kulaijaya
|
| 999 |
|
|
|a 0001691461
|b Book
|c Adult Collection
|e Cawangan Urban Transformation Centre
|
| 999 |
|
|
|a 0001691462
|b Book
|c Adult Collection
|e Cawangan AEON Kulaijaya
|
| 999 |
|
|
|a 0001691463
|b Book
|c Adult Collection
|e Cawangan Bandar Tenggara
|
| 999 |
|
|
|a 0001691464
|b Book
|c Adult Collection
|e Cawangan Segamat
|
| 999 |
|
|
|a 0001691465
|b Book
|c Adult Collection
|e Cawangan Kota Tinggi
|
| 999 |
|
|
|a 0001691466
|b Book
|c Adult Collection
|e Cawangan Pontian
|
| 999 |
|
|
|a 0001691467
|b Book
|c Adult Collection
|e Cawangan Taman Sri Lambak
|
| 999 |
|
|
|a 0001691468
|b Book
|c Adult Collection
|e Cawangan Bandar Penawar
|
| 999 |
|
|
|a 0001691469
|b Book
|c Adult Collection
|e Cawangan Tmn. Ungku Tun Aminah
|
| 999 |
|
|
|a 0001691470
|b Book
|c Adult Collection
|e Cawangan Mersing
|
| 999 |
|
|
|a 0001691471
|b Book
|c Adult Collection
|e Cawangan Batu Pahat
|
| 999 |
|
|
|a 0001691472
|b Book
|c Adult Collection
|e Cawangan Tangkak
|
| 999 |
|
|
|a 0001691473
|b Book
|c Adult Collection
|e Cawangan Bukit Gambir
|
| 999 |
|
|
|a 0001691474
|b Book
|c Adult Collection
|e Cawangan Muar
|
| 999 |
|
|
|a 0001691475
|b Book
|c Adult Collection
|e Perbadanan Perpustakaan Awam Johor
|
| 999 |
|
|
|a 0001691874
|b Book
|c Adult Collection
|e Desa - PPAJ
|
| 999 |
|
|
|a 0001691875
|b Book
|c Adult Collection
|e Desa - PPAJ
|
| 999 |
|
|
|a 0001691876
|b Book
|c Adult Collection
|e Desa - PPAJ
|
| 999 |
|
|
|a 0001691877
|b Book
|c Adult Collection
|e Desa - PPAJ
|
| 999 |
|
|
|a 0001691878
|b Book
|c Adult Collection
|e Desa - PPAJ
|
| 999 |
|
|
|a 0001691879
|b Book
|c Adult Collection
|e Desa - PPAJ
|
| 999 |
|
|
|a 0001691880
|b Book
|c Adult Collection
|e Desa - PPAJ
|
| 999 |
|
|
|a 0001691881
|b Book
|c Adult Collection
|e Desa - PPAJ
|
| 999 |
|
|
|a 0001691882
|b Book
|c Adult Collection
|e Desa - PPAJ
|
| 999 |
|
|
|a 0001691883
|b Book
|c Adult Collection
|e Desa - PPAJ
|
| 999 |
|
|
|a 0001691884
|b Book
|c Adult Collection
|e Desa - PPAJ
|
| 999 |
|
|
|a 0001691885
|b Book
|c Adult Collection
|e Desa - PPAJ
|
| 999 |
|
|
|a 0001691886
|b Book
|c Adult Collection
|e Desa - PPAJ
|
| 999 |
|
|
|a 0001691887
|b Book
|c Adult Collection
|e Desa - PPAJ
|
| 999 |
|
|
|a 0001691888
|b Book
|c Adult Collection
|e Desa - PPAJ
|
| 999 |
|
|
|a 0001691889
|b Book
|c Adult Collection
|e Desa - PPAJ
|
| 999 |
|
|
|a 0001691890
|b Book
|c Adult Collection
|e Desa - PPAJ
|
| 999 |
|
|
|a 0001691891
|b Book
|c Adult Collection
|e Desa - PPAJ
|
| 999 |
|
|
|a 0001691892
|b Book
|c Adult Collection
|e Desa - PPAJ
|
| 999 |
|
|
|a 0001691893
|b Book
|c Adult Collection
|e Desa - PPAJ
|
| 999 |
|
|
|a 0001691894
|b Book
|c Adult Collection
|e Desa - PPAJ
|
| 999 |
|
|
|a 0001691895
|b Book
|c Adult Collection
|e Desa - PPAJ
|
| 999 |
|
|
|a 0001691896
|b Book
|c Adult Collection
|e Desa - PPAJ
|
| 999 |
|
|
|a 0001691897
|b Book
|c Adult Collection
|e Desa - PPAJ
|
| 999 |
|
|
|a 0001691898
|b Book
|c Adult Collection
|e Desa - PPAJ
|
| 999 |
|
|
|a 0001691899
|b Book
|c Adult Collection
|e Desa - PPAJ
|
| 999 |
|
|
|a 0001691900
|b Book
|c Adult Collection
|e Desa - PPAJ
|
| 999 |
|
|
|a 0001691901
|b Book
|c Adult Collection
|e Desa - PPAJ
|
| 999 |
|
|
|a 0001691902
|b Book
|c Adult Collection
|e Desa - PPAJ
|
| 999 |
|
|
|a 0001691903
|b Book
|c Adult Collection
|e Desa - PPAJ
|
| 999 |
|
|
|a 0001691904
|b Book
|c Adult Collection
|e Desa - PPAJ
|
| 999 |
|
|
|a 0001691905
|b Book
|c Adult Collection
|e Desa - PPAJ
|
| 999 |
|
|
|a 0001691906
|b Book
|c Adult Collection
|e Desa - PPAJ
|
| 999 |
|
|
|a 0001691907
|b Book
|c Adult Collection
|e Desa - PPAJ
|
| 999 |
|
|
|a 0001691908
|b Book
|c Adult Collection
|e Desa - PPAJ
|
| 999 |
|
|
|a 0001691909
|b Book
|c Adult Collection
|e Desa - PPAJ
|
| 999 |
|
|
|a 0001691910
|b Book
|c Adult Collection
|e Desa - PPAJ
|
| 999 |
|
|
|a 0001691911
|b Book
|c Adult Collection
|e Desa - PPAJ
|
| 999 |
|
|
|a 0001691912
|b Book
|c Adult Collection
|e Desa - PPAJ
|
| 999 |
|
|
|a 0001691913
|b Book
|c Adult Collection
|e Desa - PPAJ
|
| 999 |
|
|
|a 0001691914
|b Book
|c Adult Collection
|e Desa - PPAJ
|